00485nam a2200169Ia 450000500170000000800410001702000230005804000190008104100120010008200180011210000180013024500690014826000400021730000290025750400190028685000100030520240224115550.0131103s9999 xx 000 0 und d a8125904972cRs.295 aLoreto College aEnglish a370.954 bCHA aLauby,Paul T. 2aA Man Without Guile, bThe Life of P.T.Chandi, cPaul T.Lauby aDelhibVikas Publishing Housec1998 axvi,149 p.b ill.,photos aIncludes index aLCLIB